|
|
|
|
| LEADER |
00000nam0a2200000 4500 |
| 001 |
138523 |
| 005 |
20231101220740.0 |
| 020 |
|
|
|a RU
|b 81-67844
|
| 035 |
|
|
|a (RuTPU)RU\TPU\book\150094
|
| 090 |
|
|
|a 138523
|
| 100 |
|
|
|a 20080527d1981 m y0rusy5003 ca
|
| 101 |
1 |
|
|a rus
|c kaz
|
| 102 |
|
|
|a RU
|
| 105 |
|
|
|a c z 000ay
|
| 200 |
1 |
|
|a Мангыстауский фронт
|e романы
|e пер. с каз.
|f И. Есенберлин
|g худож. Е. Колычев
|
| 210 |
|
|
|a Москва
|c Советский писатель
|d 1981
|
| 215 |
|
|
|a 512 с.
|c портр.
|d 21 см.
|
| 606 |
1 |
|
|a Казахская литература
|2 stltpush
|3 (RuTPU)RU\TPU\subj\13476
|9 40080
|
| 610 |
1 |
|
|a художественная литература
|
| 610 |
1 |
|
|a романы
|
| 675 |
|
|
|a 894.342
|v 3
|
| 700 |
|
1 |
|a Есенберлин
|b И.
|g Ильяс
|
| 702 |
|
1 |
|a Колычев
|b Е.
|4 440
|
| 801 |
|
0 |
|a RU
|b RuMRKP
|c 19950704
|g psbo
|
| 801 |
|
1 |
|a RU
|b 63413507
|c 20080527
|g PSBO
|
| 801 |
|
2 |
|a RU
|b 63413507
|c 20200910
|g PSBO
|
| 942 |
|
|
|c BK
|